Statystyki dla Najdroższe stolice świata

Kliknij tutaj aby rozwiązać quiz!

Ogólne statystyki

  • Ten quiz został rozwiązany 17 031 razy
    (7 620 od ostatniego zresetowania)
  • Średni wynik to 11 z 24

Statystyki odpowiedzi

WskaźnikKontynentMiasto% Poprawnych
166EuropaParyż
92%
208EuropaLondyn
85%
148AzjaTokio
79%
205Ameryka PółnocnaWaszyngton
76%
175EuropaOslo
71%
146EuropaSztokholm
66%
169EuropaAmsterdam
59%
150EuropaHelsinki
57%
211EuropaBerno
56%
189EuropaKopenhaga
56%
152EuropaLuksemburg
51%
303AzjaSingapur
51%
245EuropaMonako
50%
159Australia i OceaniaCanberra
48%
193EuropaDublin
48%
195EuropaReykjavik
42%
210EuropaVaduz
41%
156Australia i OceaniaWellington
33%
159AzjaAbu Zabi
32%
161AzjaDoha
21%
148AzjaJerozolima
15%
184Ameryka PółnocnaNassau
7%
167AfrykaVictoria
5%
147AfrykaLuanda
4%

Rozkład punktacji

Percentyl według liczby udzielonych odpowiedzi

Procent ludzi z każdym wynikiem

Twoja historia wyników

Nie rozwiązałeś tego quizu od ostatniego zresetowania